LEADER 00821nam0-22003011i-450- 001 990001832910403321 005 20080312134901.0 035 $a000183291 035 $aFED01000183291 035 $a(Aleph)000183291FED01 035 $a000183291 100 $a20030910d1883----km-y0itay50------ba 101 0 $aita 102 $aIT 105 $ay-------001yy 200 1 $aEsperienze sul sorgo ambra del Minnesota$fG. Del Torre 210 $aRoma$cTip. Innocenzo Artero$d1883 215 $a23 p.$d26 cm 610 0 $aSorghum bicolor 676 $a633.62 700 1$aDel Torre,$bGiacomo$0306974 801 0$aIT$bUNINA$gRICA$2UNIMARC 901 $aBK 912 $a990001832910403321 952 $a60 MISC. A 27/3$fFAGBC 959 $aFAGBC 996 $aEsperienze sul sorgo ambra del Minnesota$9412062 997 $aUNINA LEADER 02575nam 2200577Ia 450 001 9910451714803321 005 20200520144314.0 010 $a0-8166-9197-5 035 $a(CKB)1000000000346880 035 $a(EBL)310508 035 $a(OCoLC)191948698 035 $a(SSID)ssj0000278049 035 $a(PQKBManifestationID)11195553 035 $a(PQKBTitleCode)TC0000278049 035 $a(PQKBWorkID)10241057 035 $a(PQKB)11167014 035 $a(MiAaPQ)EBC310508 035 $a(MdBmJHUP)muse38973 035 $a(Au-PeEL)EBL310508 035 $a(CaPaEBR)ebr10151208 035 $a(CaONFJC)MIL522696 035 $a(EXLCZ)991000000000346880 100 $a20000411d2000 ub 0 101 0 $aeng 135 $aur|n|---||||| 181 $ctxt 182 $cc 183 $acr 200 10$aComedy is a man in trouble$b[electronic resource] $eslapstick in American movies /$fAlan Dale 210 $aMinneapolis $cUniversity of Minnesota Press$dc2000 215 $a1 online resource (302 p.) 300 $aDescription based upon print version of record. 311 $a0-8166-3657-5 320 $aIncludes bibliographical references (p. 237-245) and index. 327 $aMachine generated contents note: 1. Comedy Is a Man in Trouble 1 -- 2. Chaplin as Proteus, Low-Down and High Up 31 -- 3. Junior: Harold Lloyd and Buster Keaton 59 -- 4. Girl Heroes 92 -- 5. The Marx Brothers: The Buoyant Refuse of Our Teeming Shore 132 -- 6. Preston Sturges: Girl in a Jam, Boy in a Jam 161 -- 7. Jerry Lewis: The Once and Future King of Comedy 190 -- Coda 213 -- Notes 221 -- Works Cited 237 -- Index 247. 330 $aComedy Is a Man in Trouble presents a lively, accessible, and lavishly illustrated look at a form of comedy that has been expanded and refashioned in film by everyone from W. C. Fields and Marion Davies to Katharine Hepburn and Cary Grant. Here is not only an amusing look at film comedy history, but an insight into the human condition and what causes us to laugh. 606 $aComedy films$zUnited States$xHistory and criticism 606 $aMotion pictures$zUnited States$xHistory and criticism 608 $aElectronic books. 615 0$aComedy films$xHistory and criticism. 615 0$aMotion pictures$xHistory and criticism. 676 $a791.43/617 676 $a791.43617 700 $aDale$b Alan S.$f1960-$01028144 801 0$bMiAaPQ 801 1$bMiAaPQ 801 2$bMiAaPQ 906 $aBOOK 912 $a9910451714803321 996 $aComedy is a man in trouble$92444010 997 $aUNINA LEADER 02918nam 2200709 450 001 9910808845203321 005 20231206215257.0 010 $a1-280-12944-1 010 $a9786613533326 010 $a1-926836-59-6 035 $a(CKB)2670000000155705 035 $a(EBL)867848 035 $a(OCoLC)748089044 035 $a(SSID)ssj0000659630 035 $a(PQKBManifestationID)12269437 035 $a(PQKBTitleCode)TC0000659630 035 $a(PQKBWorkID)10697979 035 $a(PQKB)10558353 035 $a(CEL)443511 035 $a(CaBNVSL)slc00228574 035 $a(Au-PeEL)EBL4839984 035 $a(CaPaEBR)ebr11376434 035 $a(CaONFJC)MIL353332 035 $a(OCoLC)986103019 035 $a(Au-PeEL)EBL867848 035 $a(VaAlCD)20.500.12592/1677pk 035 $a(MiAaPQ)EBC4839984 035 $a(MiAaPQ)EBC867848 035 $a(MiAaPQ)EBC3279042 035 $a(EXLCZ)992670000000155705 100 $a20170510h20122012 uy 0 101 0 $aeng 135 $aur|n|---||||| 181 $ctxt$2rdacontent 182 $cc$2rdamedia 183 $acr$2rdacarrier 200 10$aWorking people in Alberta $ea history /$fAlvin Finkel ; with contributions by Jason Foster [and seven others] 210 1$aEdmonton, [Alberta] :$cAU Press,$d2012. 210 4$dİ2012 215 $a1 online resource (345 pages) $cillustrations 225 0 $aWorking Canadians: Books from the CCLH,$x1925-184X 311 $a1-926836-58-8 320 $aIncludes bibliographical references and index. 327 $aCover Page -- Title Page -- Copyright Page -- Dedication -- Contents -- Acknowledgements -- Introduction: Those Who Built Alberta -- 1 Millennia of Native Work -- 2 The Fur Trade and Early European Settlement -- 3 One Step Forward: Alberta Workers 1885-1914 -- 4 War, Repression, and Depression, 1914-1939 -- 5 Alberta Labour and Working-Class Life, 1940-1959 -- 6 The Boomers Become the Workers: Alberta, 1960-1980 -- 7 Alberta Labour in the 1980s -- 8 Revolution, Retrenchment, and the New Normal: The 1990s and Beyond -- 9 Women, Labour, and the Labour Movement -- 10 Racialization and Work -- Conclusion: A History to Build Upon -- Notes -- Bibliography -- Contributors -- Index. 330 $aA political and economic analysis of the history of working people in Alberta. 410 0$aWorking Canadians (Edmonton, Alta.),$x1925-1831. 606 $aLabor$zAlberta$xHistory 606 $aWorking class$zAlberta$xHistory 607 $aAlberta$xEconomic conditions 607 $aAlberta$xEconomic policy 615 0$aLabor$xHistory. 615 0$aWorking class$xHistory. 676 $a331.097123 700 $aFinkel$b Alvin$0252888 702 $aFoster$b Jason 801 0$bMiAaPQ 801 1$bMiAaPQ 801 2$bMiAaPQ 906 $aBOOK 912 $a9910808845203321 996 $aWorking people in Alberta$92248554 997 $aUNINA